LEADER 04046nam 2200577 450 001 9910790842103321 005 20200520144314.0 010 $a0-19-999717-9 035 $a(CKB)2550000001165214 035 $a(EBL)1573140 035 $a(MiAaPQ)EBC1573140 035 $a(Au-PeEL)EBL1573140 035 $a(CaPaEBR)ebr10806874 035 $a(CaONFJC)MIL546488 035 $a(OCoLC)864140005 035 $a(EXLCZ)992550000001165214 100 $a20130423h20142014 uy| 0 101 0 $aeng 135 $aur|n|---||||| 181 $2rdacontent 182 $2rdamedia 183 $2rdacarrier 200 00$aGestures of music theatre $ethe performativity of song and dance /$fedited by Dominic Symonds and Millie Taylor 210 1$aOxford [England] :$cOxford University Press,$d[2014] 210 4$d2014 215 $a1 online resource (337 p.) 300 $aDescription based upon print version of record. 311 $a0-19-999716-0 311 $a1-306-15237-2 320 $aIncludes bibliographical references and index. 327 $aSinging the dance, dancing the song. The song's the thing : capturing the "sung" to make it "song" / Dominic Symonds ; The (un)pleasure of song : on the enjoyment of listening to opera / Carlo Zuccarini -- Performativity as dramaturgy. Relocating the song : Julie Taymor's jukebox musical Across the universe (2007) / George Rodosthenous ; Dynamic shape : the dramaturgy of song and dance in Lloyd Webber's Cats (1981) / Ben Macpherson -- Performativity as transition. Dance breaks and dream ballets : transitional moments in musical theater / Mary Jo Lodge ; "Love let me sing you" : the liminality of song and dance in La Chiusa's Bernarda Alba (2006) / Matthew Lockitt -- Performativity as identity. Tapping the ivories : jazz and tap dance in Jelly's last jam (1992) / Kathryn Edney ; Everything's coming up Kurt : the Broadway song in Glee / Jessica Sternfeld ; Angry dance : postmodern innovation, masculinities and gender subversion / Judith A. Sebesta -- 327 $aPerformativity as context. Deconstructing the singer : the concerts of Laurie Anderson / Ainhoa Kaiero Claver ; Singing and a song : the "intimate difference" in Susan Philipsz's Lowlands -- / Zeynep Bulut ; Acting operatically : body, voice and the actress in Beckett's theater / Marianne Sharp -- Performativity as practice. Vox elettronica : song, dance and live electronics in the practice of sound theater / Caroline Wilkins ; From ear to foot : how choreographers interpret music / Sabine Wilden ; Singing from stones : physiovocality and Gardzienice's Theater of musicality / Konstatinos Thomaidis -- Performativity as community. Singing the community : the musical theater chorus as character / Bethany Hughes ; Singing and dancing ourselves : the politics of the ensemble in A chorus line (1975) / Millie Taylor -- Performativity as writing. 330 $aGestures of Music Theater: The Performativity of Song and Dance offers new, cutting-edge essays focusing on song and dance as performative gestures that not only entertain but also act on audiences and performers. The chapters range across musical theater, opera, theater, and other artistic practices, from Glee to Gardzienice, Beckett to Disney, Broadway to Turner-Prize-winning sound installation. The chapters draw together these diverse examples of vocality and physicality by exploring their affect rather than through considering them as texts. The book's contributors derive methodologies fro 606 $aMusic and dance 606 $aMusic$xPerformance 606 $aMusical theater 606 $aSinging 615 0$aMusic and dance. 615 0$aMusic$xPerformance. 615 0$aMusical theater. 615 0$aSinging. 676 $a782.1/4 701 $aSymonds$b Dominic$01482912 701 $aTaylor$b Millie$0936246 801 0$bMiAaPQ 801 1$bMiAaPQ 801 2$bMiAaPQ 906 $aBOOK 912 $a9910790842103321 996 $aGestures of music theatre$93761720 997 $aUNINA LEADER 03347oam 2200613zu 450 001 9910139976203321 005 20210807001243.0 010 $a2-7351-1884-3 024 7 $a10.4000/books.editionsmsh.2332 035 $a(CKB)2560000000351740 035 $a(SSID)ssj0001537320 035 $a(PQKBManifestationID)11880063 035 $a(PQKBTitleCode)TC0001537320 035 $a(PQKBWorkID)11519314 035 $a(PQKB)11309499 035 $a(WaSeSS)IndRDA00044657 035 $a(FrMaCLE)OB-editionsmsh-2332 035 $a(oapen)https://directory.doabooks.org/handle/20.500.12854/46962 035 $a(PPN)182827151 035 $a(oapen)doab46962 035 $a(EXLCZ)992560000000351740 100 $a20160829d1987 uy 101 0 $afre 135 $aur||||||||||| 181 $ctxt 182 $cc 183 $acr 200 00$aEthnologies en miroir : la France et les pays de langue allemande 210 $cÉditions de la Maison des sciences de l?homme$d1987 210 31$a[Place of publication not identified]$cÉditions de la Maison des sciences de l'homme Ministère de la Culture$d1987 215 $a1 online resource (vii, 396 pages) 225 1 $aEthnologie de la France ;$v7 300 $aBibliographic Level Mode of Issuance: Monograph 311 08$a2-7351-0206-8 320 $aIncludes bibliographical references. 330 $aPourquoi en France a-t-on donné la priorité à l'étude de la parenté, et dans les pays de langue allemande à celle de la narration populaire ? Quels rapports entretiennent l'ethnologie française avec l'histoire et celle de langue allemande avec le politique ? De quelle manière étudie-t-on, ici et là, les faits symboliques et religieux, et qu'entend-on par symbolismes populaires ? Quels objets de recherche, quels problèmes sollicitent aujourd'hui les ethnologues ? Ce sont là quelqu'unes des interrogations auxquelles on a cherché à répondre dans ce face à face. Les quatorze essais présentés ici dégagent en miroir l'originalité, et les divergences, de ces deux écoles majeures de l'ethnologie de l'Europe. Les auteurs passent en revue les objets d'étude, les méthodes, les principales orientations théoriques, l'histoire mais aussi l'avenir de cette discipline désignée, selon le lieu et le moment, par les termes d'etimologie, Volkskunde, folklore ou arts et traditions populaires. Mais, par delà le tableau des originalités et différences dans l'ethnologie de ces deux aires linguistiques, cet ouvrage ouvre une brèche dans le mur d'ignorance réciproque qui sépare les ethnologues de l'une et l'autre langue : tâche primordiale si l'on veut comprendre le champ des civilisations européennes. 410 0$aEthnologie de la France ;$v7. 606 $aGender & Ethnic Studies$2HILCC 606 $aSocial Sciences$2HILCC 606 $aEthnic & Race Studies$2HILCC 610 $afolklore 610 $anarration populaire 610 $aparenté 615 7$aGender & Ethnic Studies 615 7$aSocial Sciences 615 7$aEthnic & Race Studies 700 $aUtz Jeggle$4auth$01355066 702 $aJuggle$b Utz 702 $aChiva$b I 801 0$bPQKB 906 $aBOOK 912 $a9910139976203321 996 $aEthnologies en miroir : la France et les pays de langue allemande$93359108 997 $aUNINA